New Challenges for fieldworkers in Latin American and Caribbean Studies /
Bewaard in:
| Hoofdauteur: | |
|---|---|
| Formaat: | Boek |
| Taal: | English |
| Tags: |
Voeg label toe
Geen labels, Wees de eerste die dit record labelt!
|
MARC
| LEADER | 00000nam a22000007a 4500 | ||
|---|---|---|---|
| 003 | cru CIDCACS/IIS | ||
| 005 | 20170406151144.0 | ||
| 007 | ta | ||
| 008 | 170406e2015 ne ||||| |||| 00| 0 eng d | ||
| 040 | |c cru CIDCACS/IIS | ||
| 100 | 1 | |9 4072 |a Hellman, Judith Adler | |
| 245 | |a New Challenges for fieldworkers in Latin American and Caribbean Studies / |c Judith Adler Hellman | ||
| 300 | |a páginas 99-110 | ||
| 773 | 0 | |0 19150 |9 611 |a Centro Latinoamericano de Estudios y Documentación |d Amsterdam, Países Bajos Centro Latinoamericano de Estudios y Documentación |o R19033 |t Revista Europea De Estudios Latinoamericanos y El Caribe = |x 09240608 | |
| 942 | |2 ddc |c PP | ||
| 999 | |c 19153 |d 19153 | ||
